书目信息 |
| 题名: |
果树病虫害防治
|
|
| 作者: | 曹克强 主编 | |
| 分册: | ||
| 出版信息: | 北京 金盾出版社 2009.03 |
|
| 页数: | 250页 | |
| 开本: | 21cm | |
| 丛书名: | ||
| 单 册: | ||
| 中图分类: | S436.6 | |
| 科图分类: | ||
| 主题词: | 果树--guo shu--病虫害防治--教材 , 果树--guo shu , 病虫害防治--bing chong hai fang zhi | |
| 电子资源: | ||
| ISBN: | 978-7-5082-5532-3 | |
| 000 | 00912nam0 2200265 450 | |
| 001 | 0106081730 | |
| 005 | 20201106082041.0 | |
| 010 | @a978-7-5082-5532-3@dCNY25.00 | |
| 100 | @a20090429e20192009em y0chiy50 ea | |
| 101 | 0 | @achi |
| 102 | @aCN@b110000 | |
| 105 | @aa z 000yy | |
| 106 | @ar | |
| 200 | 1 | @a果树病虫害防治@Aguo shu bing chong hai fang zhi@f曹克强主编 |
| 210 | @a北京@c金盾出版社@d2009.03@h2019.02 | |
| 215 | @a250页@c图@d21cm | |
| 300 | @a新型农民学历教育系列教材 | |
| 330 | @a本书内容包括:植物病害基础知识、害虫基础知识、苹果病虫害及防治、梨病虫害及防治、桃病虫害及防治、葡萄病虫害及防治以及其他果树病虫害及防治。 | |
| 606 | 0 | @a果树@Aguo shu@x病虫害防治@j教材 |
| 606 | 0 | @a果树@Aguo shu |
| 606 | 0 | @a病虫害防治@Abing chong hai fang zhi |
| 690 | @aS436.6@v5 | |
| 701 | 0 | @a曹克强@Acao ke qiang@4主编@f(1963~) |
| 801 | 0 | @aCN@bBJSZM@c20201106 |
| 905 | @b1190088-91@dS436.6@e171@f4 | |
| 果树病虫害防治/曹克强主编.-北京:金盾出版社,2009.03(2019.02) |
| 250页:图;21cm |
| 新型农民学历教育系列教材 |
| ISBN 978-7-5082-5532-3:CNY25.00 |
| 本书内容包括:植物病害基础知识、害虫基础知识、苹果病虫害及防治、梨病虫害及防治、桃病虫害及防治、葡萄病虫害及防治以及其他果树病虫害及防治。 |
| ● |
| 相关链接 |
|
|
|
|
正题名:果树病虫害防治
索取号:S436.6/171
 
预约/预借
| 序号 | 登录号 | 条形码 | 馆藏地/架位号 | 状态 | 备注 |
| 1 | 1190088 | 211900889 | 第二样本阅览室/ [索取号:S436.6/171] | 在馆 | |
| 2 | 1190089 | 211900898 | 第三借阅区/ [索取号:S436.6/171] | 在馆 | |
| 3 | 1190090 | 211900905 | 第三借阅区/ [索取号:S436.6/171] | 在馆 | |
| 4 | 1190091 | 211900914 | 第三借阅区/ [索取号:S436.6/171] | 在馆 |